[Event "RUS-Cup01 Chigorin Memorial"]
[Site "St Petersburg"]
[Date "1996.??.??"]
[Round "3"]
[White "Neverov, Valeriy"]
[Black "Filippov, Valerij"]
[Result "0-1"]
[WhiteElo "2515"]
[BlackElo "2565"]
[Annotator "Notkin,M"]
[PlyCount "128"]
[EventDate "1996.11.??"]
[EventType "swiss"]
[EventRounds "9"]
[EventCountry "RUS"]
[SourceTitle "CBM 056 Extra"]
[Source "ChessBase"]
[SourceDate "1997.03.01"]
[SourceVersion "1"]
[SourceVersionDate "1997.03.01"]
[SourceQuality "1"]

1. d4 d5 2. c4 c6 3. Nc3 Nf6 4. Nf3 e6 5. e3 Nbd7 6. Qc2 Bd6 7. b3 O-O 8. Be2
dxc4 9. bxc4 e5 10. O-O Re8 11. Rd1 Qe7 12. Rb1 e4 13. Nd2 Nf8 14. c5 (14. Nf1
Ng6 (14... h5 $5) 15. a4 Nh4 16. Ng3 Nf5 17. Rb3 Nxg3 18. hxg3 h5 19. c5 Bc7
20. d5 $1 (20. Ba3 $2 h4 21. d5 Bxg3 $1 22. fxg3 hxg3 23. Kf1 Ng4 24. Bxg4 Bxg4
25. Ke1 Qg5 $40 {Lputian,S-Sveshnikov,E/Tilburg/1992/0:1/30/}) 20... cxd5 (
20... Be5 $6 21. Nxe4 Nxd5 22. Nd6 Bxd6 23. cxd6 Qxd6 24. Bxh5 $16 {Karpov,
A-Gurevich,M/Reggio Emilia/1992/1:0/46/}) 21. Nxd5 (21. Nb5 $5 {Karpov/}) 21...
Nxd5 22. Rxd5 Be6 23. Qxe4 Bxd5 24. Qxd5 Qe5 {Belotti,B-Pinter,J/FRA/1993/0,5/
33/} 25. Qc4 $5 $14) 14... Bc7 15. Nc4 (15. Ba3 Rb8 16. Nc4 Ng4 17. g3 Qf6 18.
Bf1 Qh6 19. h3 Nf6 20. Kh2 Ng4+ 21. Kg1 $10 {Savchenko,S-Sveshnikov,E/Gausdal/
1992/1:0/60/}) 15... Ng6 (15... Ng4 16. h3 Nf6 (16... Bh2+ 17. Kh1 Nxf2+ 18.
Kxh2 Qh4 19. Bf1 Re6 20. g3 Ng4+ 21. Kg2 Qxh3+ 22. Kxh3 Rh6+ 23. Kg2 Rh2+ 24.
Kg1 Rxc2 25. Nxe4 $18 {Karpov/}) (16... Nxf2 17. Kxf2 Qh4+ 18. Kg1 Bxh3 19.
gxh3 Qg3+ 20. Kf1 Re6 21. Nxe4 $16 {Karpov/}) 17. Ba3 Nd5 18. Nd6 Bxd6 19. cxd6
Qg5 20. Nxe4 Nxe3 21. Nxg5 Nxc2 22. Bc4 Ne6 23. Bxe6 Bxe6 24. Nxe6 Rxe6 25. Bc5
b6 26. Rb2 $1 bxc5 27. dxc5 $1 $16 {Karpov,A-Knaak,R/Baden-Baden/1992/1:0/62/})
16. Ba3 Ng4 (16... Nh4 17. Nd6 Bxd6 18. cxd6 Qe6 19. Bf1 Qg4 20. h3 Nf3+ 21.
Kh1 Qh4 $13 {Nogueiras/}) 17. Nd6 (17. h3 Nxf2 18. Kxf2 Qh4+ 19. Kg1 Qg3 $40)
17... Qh4 18. Bxg4 Bxg4 19. Rxb7 (19. Rdc1 Bf3 $1 20. gxf3 (20. Ne2 Qg4 21. Ng3
Nh4) 20... Qh3 21. fxe4 Nh4 22. f4 Re6 23. f5 Rh6 $19) (19. Rd2 $5) 19... Bxd1
(19... Bf3 20. Rxc7 Qg4 21. Kf1 $1 $16) (19... Bxd6 20. cxd6 Bf3 21. d7 Red8 (
21... Qg4 22. dxe8=Q+ Rxe8 23. Kf1) 22. gxf3 Qh3 23. fxe4 Nh4 24. f3 $1 $18)
20. Qxd1 Re7 {/\Bd6/} 21. g3 (21. Ncxe4 Bxd6 22. Nxd6 Rxb7 23. Nxb7 Rb8 24. Nd6
Qg4 $17 {|^,ץa3/}) 21... Qh3 22. Rb2 (22. Qb3 Rf8 23. Ncxe4 Nh4 (23... h6 $13)
24. gxh4 Rxe4 25. Nxe4 Bxh2+ 26. Kh1 Bf4+ 27. Kg1 Bh2+ $10) 22... Re6 23. Ndxe4
$6 (23. d5 $2 Nh4) (23. Ncxe4 h6 (23... Bxd6 $2 24. Ng5 $1 $16 (24. Nxd6 $2 Nh4
)) 24. Nd2 $13) 23... h6 (23... Nh4 24. f4) 24. f3 $2 {ה/} Rd8 25. Rg2 Ne7 $1
26. Bc1 (26. g4 $5) 26... Qh5 27. g4 Qg6 28. h4 f5 29. Nf2 Qf7 30. h5 Ba5 $1
31. gxf5 Nxf5 32. Nce4 Qxh5 33. Ng4 Qf7 34. Qe2 Rf8 (34... Nh4 35. Rg3 Rf8 36.
Ne5 Rxe5 37. dxe5 Nxf3+ 38. Kg2 Nxe5 $17) 35. Ne5 Qe8 36. Qc4 (36. f4 $142)
36... Kh8 37. f4 Bc7 38. Bd2 $2 (38. Qe2) 38... Nh4 39. Rg3 Bxe5 40. dxe5 Rg6
41. Qe2 Rxg3+ 42. Nxg3 Qe6 43. Kh2 (43. Be1 Qh3 {/\Rb8-b1/}) 43... Qxa2 {/\Qd2/
} 44. Kh3 Nf5 45. Nxf5 Rxf5 46. Qg4 Rf8 47. Bc3 Qd5 48. e6 Qh1+ 49. Kg3 Qg1+
50. Kf3 Qxg4+ 51. Kxg4 Kg8 52. f5 Rd8 53. e4 Rd3 54. e7 Kf7 55. Bxg7 a5 56. e5
Kxe7 (56... a4 57. f6 (57. e6+ Kxe7 58. Bxh6 Rd5 59. Bg5+ Ke8 60. f6 Rxg5+ 61.
Kxg5 a3 62. f7+ Ke7 $19) 57... Re3 58. Kf5 a3 59. e8=Q+ Kxe8 60. e6 Rf3+ 61.
Kg6 a2 62. f7+ Ke7 $19) 57. Bxh6 Rd1 58. Bg5+ Ke8 59. Kf4 (59. e6 Re1) 59... a4
60. e6 Rd4+ (60... Re1 61. Bh4 Re2 62. Kf3 Re5 63. Kf4 a3 (63... Rxc5 64. f6
Rc4+ $19) 64. Kxe5 a2 65. f6 a1=Q+ $19) 61. Kf3 Rd5 62. Kf4 a3 63. Bh6 (63. f6
Rxg5 64. Kxg5 a2) 63... Rd1 (63... a2 $2 64. f6) 64. Bg7 (64. f6 Rf1+ 65. Ke5
Rxf6 66. Kxf6 a2 $19) 64... Ke7 0-1

[Event "RUS-Cup3"]
[Site "Omsk"]
[Date "1996.??.??"]
[Round "7"]
[White "Burmakin, Vladimir"]
[Black "Filippov, Valerij"]
[Result "1/2-1/2"]
[WhiteElo "2505"]
[BlackElo "2565"]
[Annotator "Notkin,M"]
[PlyCount "90"]
[EventDate "1996.12.13"]
[EventType "swiss"]
[EventRounds "9"]
[EventCountry "RUS"]
[SourceTitle "CBM 057"]
[Source "ChessBase"]
[SourceDate "1997.04.01"]
[SourceVersion "1"]
[SourceVersionDate "1997.04.01"]
[SourceQuality "1"]

1. d4 d5 2. c4 c6 3. Nc3 Nf6 4. Nf3 e6 5. e3 Nbd7 6. Qc2 Bd6 7. Be2 O-O 8. O-O
e5 9. cxd5 cxd5 10. Nb5 Bb8 11. dxe5 Nxe5 12. Bd2 (12. Rd1) (12. b3) 12... Bg4
(12... Qb6 13. Nxe5 Bxe5 14. Bc3 Bxc3 15. Qxc3 Bg4 16. Bd3 Rfc8 17. Qd4 Rc5 18.
Nc3 Rc6 19. Qxb6 Rxb6 20. f3 Be6 21. Rf2 $14 {Dokhoian,Y-Bareev,E/GER/1992/0,5/
41/}) (12... Ne4 13. Nbd4 Qb6 (13... Bg4) (13... a6) (13... Nxf3+) (13... Qd6)
14. Rfd1 Nxf3+ 15. Bxf3 (15. Nxf3 Bg4 16. Be1 Qd6 17. g3 Qf6 18. Kg2 $14 {
Epishin,V-Godena,M/Reggio Emilia/1995/1-0/35/}) 15... Qh6 16. h3 Qg6 17. Bb4
Re8 18. Qa4 Re5 19. Ne2 $16 {Epishin/}) 13. Rfc1 $5 (13. Nbd4 Ne4 (13... Qd6
14. Nxe5 Bxe2 15. Nxe2 Qxe5 16. g3 Ne4 17. Rad1 a6 {Hansen,Cu-Hansen,L Bo/Wijk
aan Zee/1993/0-1/54/} 18. Bc3 Qh5 19. Qd3 Re8 20. Qxd5 Qxe2 21. Qxe4 Bxg3 22.
Qxb7 Rab8 23. Qg2 Be5 $14 {Hansen,L Bo/}) 14. Bb4 Re8 15. Rad1 Qb6 16. Nxe5
Bxe2 17. Nxe2 Bxe5 18. Bc3 Qc7 19. h3 Qc4 $10 {Karpov,A-Korchnoi,V/Amsterdam/
1991/0,5/19/}) 13... Nxf3+ 14. gxf3 (14. Bxf3 Bxf3 15. gxf3 Qd7 16. Nd4 (16.
Nc7 Rc8) 16... Qh3 17. f4 Ng4 $19) 14... Ne4 $5 (14... Bh3 15. f4 $13 (15. Nc7
Ne8 $19)) 15. Be1 $1 (15. fxg4 Qh4 $19) 15... Qh4 (15... Bf5 16. fxe4 Bxe4 17.
Bd3 Qg5+ 18. Kf1 Qg2+ 19. Ke2 $14) 16. f4 Qh5 (16... Ng5 17. f3 Qh3 (17... Nh3+
$2 18. Kf1) 18. fxg4 Qxe3+ 19. Kh1 Qxf4 20. Bg3 $14) (16... g5 17. Qd1 $1 (17.
f3 Qh3 18. fxg4 Qxe3+ 19. Kh1 Qxf4 20. Bd3 Qf3+ 21. Kg1 a6 $17) 17... gxf4 (
17... Bxe2 18. Qxe2 gxf4 19. f3 Qg5+ 20. Kh1 $16 {עg8/}) 18. Bxg4 fxe3 19.
fxe3 $1 (19. f4 Nf2 20. Bxf2 exf2+ 21. Kf1 Qxh2 22. Qf3 Bxf4 23. Qxf2 $10)
19... Qxh2+ 20. Kf1 $16) 17. Nd4 Ng5 $6 (17... Nf6 $10) 18. Qd1 $1 Bxe2 19.
Qxe2 Qh3 20. Qf1 (20. Rc5 Ne6 21. Rxd5 Bxf4 22. Rh5 (22. exf4 Nxf4 23. Qe4 Nxd5
24. Qxd5 Qg4+ 25. Kh1 Rad8 $19) 22... Nxd4 23. exd4 Rae8 $15) 20... Qh5 21. Qg2
Ne4 22. f3 (22. Bb4 $5 Rd8 (22... Bd6 23. Bxd6 Nxd6 24. Rc5 $16) 23. Rc2 $14)
22... Nd6 23. Bc3 Qg6 24. Rd1 Rd8 25. Qxg6 (25. f5 $5 Qxg2+ 26. Kxg2 {/\f6|^/})
25... hxg6 26. Nc2 Nf5 27. Rd3 Bc7 28. Rad1 Bb6 $10 {><d5=><e3/} 29. Kf2 Re8
30. Nd4 Nd6 31. Nc2 Rac8 (31... Nf5) 32. Nb4 (32. Rxd5 $6 Nc4 33. Bd4 Nxb2)
32... d4 $1 33. Bxd4 Bxd4 34. Rxd4 (34. exd4 {o..o/}) 34... Nc4 35. Nd5 Nxb2
36. R1d2 Nc4 37. Rc2 b5 38. a4 a6 39. axb5 axb5 40. e4 f6 41. Rd3 Kf7 42. Rb3
Nd6 43. Rd2 Red8 44. Kg2 (44. Nc3 $2 Rxc3 45. Rxc3 Nxe4+) 44... f5 45. Nc3 b4
1/2-1/2

[Event "Julian Borowski-B 2nd"]
[Site "Essen"]
[Date "2000.05.03"]
[Round "6"]
[White "Siebrecht, Sebastian"]
[Black "Pelletier, Yannick"]
[Result "0-1"]
[WhiteElo "2373"]
[BlackElo "2478"]
[Annotator "Pelletier,Y"]
[PlyCount "134"]
[EventDate "2000.04.27"]
[EventType "tourn"]
[EventRounds "9"]
[EventCountry "GER"]
[EventCategory "10"]
[SourceTitle "CBM 077"]
[Source "ChessBase"]
[SourceDate "2000.07.27"]
[SourceVersion "1"]
[SourceVersionDate "2000.07.27"]
[SourceQuality "1"]

1. d4 d5 2. Nf3 Nf6 3. c4 c6 4. e3 e6 5. Nc3 Nbd7 6. a3 Bd6 7. b4 Ne4 (7... O-O
8. Bb2 Qe7 9. Qc2 Rd8 10. Bd3 dxc4 11. Bxc4 b5 12. Bd3 a5 13. bxa5 Rxa5 14. a4
bxa4 {gefolgt von c5 ist der einfache Weg zum Ausgleich.}) 8. Nxe4 {Sonst
erreicht Schwarz nach f5 ein gutes Stonewall.} dxe4 9. Nd2 f5 10. Bb2 O-O 11.
f4 ({Es war ein grosses Pech für meinen Gegner, dass Glenn Flear die gleiche
Variante ein Monat zuvor gegen mich versucht hatte, ohne dass diese Partie aus
der französischen Liga veröffentlicht worden war. Da bevorzugte der englische
GM} 11. Qb3 Qe7 12. O-O-O Nf6 13. Be2 b6 (13... a5 $5) (13... b5 $5) 14. f3 {
und nun hätte anstatt von 14...c5?} a5 {Weiss vor Problemen gestellt.}) 11...
a5 {Schwarz übt Druck gegen b4 aus, um Weiss zu c5 zu provozieren. Dann möchte
er das Feld d5 mit seinem Springer besetzen.} 12. Qb3 Nf6 13. Be2 (13. c5 Bc7
14. Bc4 Nd5 {[%csl Rb4,Gd5,Re3]} 15. O-O $140 g5 $1 $40) 13... Qe7 14. h3 ({Auf
} 14. O-O {folgt wieder} axb4 15. c5 Bc7 16. axb4 Rxa1 17. Bxa1 Nd5 18. Kh1 g5
$1 {[%cal Rc7h2]}) 14... axb4 15. c5 Bc7 16. g4 {Verschliesst den Königsflügel,
um g5-Durchbrüche zu verhindern.} (16. axb4 Rxa1+ 17. Bxa1 Nd5 $17) 16... Nd5
17. g5 e5 $1 {[%csl Rc5][%cal Gc8e6]} ({Der Mehrbauer nach} 17... bxa3 18. Rxa3
Rxa3 19. Qxa3 {würde keine grosse Freude bereiten. Wichtiger ist die
Figurenaktivierung.}) 18. dxe5 Be6 ({Auch gut war} 18... Qxc5 19. Bc4 bxa3 (
19... Kh8 20. Bxd5 (20. Bd4 Qa5 21. Bxd5 Qxd5 22. Qxd5 cxd5 23. axb4 $11) 20...
cxd5 21. Rc1 Qe7 22. axb4 Be6 23. Bd4 $13) 20. Bxa3 Qb6 $17) 19. Bc4 bxa3 $6 {
Ich konnte mich für keine der drei guten Fortsetzungen entscheiden und traff
schliesslisch eine schlechte Wahl.} (19... Qxc5 20. axb4 Rxa1+ 21. Bxa1 Qe7 22.
b5 {(sonst spielt Schwarz b5)} Ba5 23. bxc6 bxc6 $17) ({Am besten war} 19... b5
20. cxb6 (20. Bxd5 Bxd5 21. Qxb4 Ba5 22. Qd4 Rfd8 $19) 20... Bxb6 21. Ke2 (21.
Rh2 bxa3 22. Bxa3 Bc5 23. Nb1 (23. Bb2 Rxa1+ 24. Bxa1 Qa7) 23... Rab8 $17)
21... Qf7 $1 22. axb4 Qh5+ 23. Kf2 Bxe3+ 24. Qxe3 Nxe3 25. Bxe6+ Kh8 26. Kxe3
Rxa1 27. Bxa1 Qh4 $40 {/-/+}) 20. Bxa3 (20. Rxa3 Qxc5 $17) 20... Ba5 21. Ra2 (
21. Ke2 $2 Rfd8 22. Nb1 Qf7 $19) 21... Rfd8 22. O-O {Diesen Zug hatte ich
natürlich vergessen, aber zum Glück bleibt Schwarz am Ball.} Bxd2 23. Rxd2 b5
24. Bxd5 Bxd5 25. Qc3 Bc4 26. Rfd1 $6 {Danach bekommt der Nachziehende einen
lästigen Freibauern auf d3.} ({Nötig war} 26. Rxd8+ Rxd8 27. Ra1 {mit nur
leichtem schwarzem Uebergewicht.}) 26... Rd3 27. Rxd3 exd3 28. Rd2 $6 (28. Bb2
$17) 28... Qe6 29. Bb2 Ra7 30. Kh2 Kf7 31. Kg3 Qd5 32. Qd4 (32. e6+ Kxe6) 32...
Ke6 (32... Qh1 33. Bc3 $5) 33. h4 $138 ({Hartnäckiger war} 33. Qxd5+ Kxd5 34.
Bd4) 33... Ra2 34. h5 Qxd4 35. exd4 Bb3 $1 36. Kf3 Bc2 37. Bc3 Ra3 ({Nicht
einmal mit} 37... Kd5 {konnte Schwarz den gegnerischen Läufer errobern:} 38. e6
$1 Kxe6 $6 39. d5+ Kxd5 40. Bxg7 $132) 38. Bb2 Rb3 39. d5+ cxd5 40. Bd4 Rb1 41.
c6 ({Auf} 41. g6 {entschied} hxg6 42. hxg6 (42. Rg2 Bd1+) 42... Rf1+ 43. Kg3
Re1 44. c6 Re4 45. Rh2 Rxd4 46. Rh8 Ke7 47. c7 Rc4 $19) 41... Rb4 $1 42. Ke3
Rc4 43. g6 h6 44. Rf2 Rxc6 $6 ({Schneller und mit weniger Sorgen gewann} 44...
b4 45. Rf1 Rxd4 46. Kxd4 d2 47. c7 Kd7) 45. Rf1 Rc4 (45... Ra6 46. Kd2 (46. Ra1
Rxa1 47. Bxa1 Bd1 48. Bc3 Bxh5 49. Kxd3 Bxg6 $19) 46... Ra4 {sollte auch
genügen.}) 46. Ra1 Rxd4 47. Ra6+ Ke7 {Es gibt noch Tücken!} (47... Kd7 $2 48.
Kxd4 d2 49. e6+ Kc8 (49... Ke7 $2 50. Ke5 d1=Q 51. Ra7+ {führt zum Matt!}) 50.
Ra8+ Kc7 (50... Kb7 $2 {verliert sogar nach} 51. Ra1 $1 Kc7 52. e7 Kd7 53. Ra7+
Kd6 (53... Ke8 54. Ke5 d1=Q 55. Kd6) 54. e8=N+ Kc6 55. Ra1 d1=Q+ 56. Rxd1 Bxd1
57. Nxg7 Kd6 58. Nxf5+ Ke6 59. Nxh6 $18) 51. Ra7+ Kc8 52. Ra8+ (52. e7 $2 d1=Q+
53. Kc5 Qe1 54. Kd6 d4 $1 55. e8=Q+ Qxe8 56. Ra8+ Kb7 57. Rxe8 d3 $19) 52...
Kc7 53. Ra7+ {mit Dauerschach.}) 48. Kxd4 d2 49. Kc5 $6 (49. Ra7+ Kd8 50. Kc5
d1=Q 51. Kd6 {war eine Spur präziser, auch wenn} Kc8 52. Rxg7 d4 (52... Bb3 $5
$19) 53. Rg8+ Kb7 54. g7 Bb3 {dann reicht.}) 49... d1=Q 50. Ra7+ Ke6 51. Ra6+
Kd7 52. Ra7+ Kc8 53. Kc6 (53. Rxg7 Qg1+ 54. Kc6 Kb8) 53... Kb8 54. Rxg7 b4 55.
Rb7+ (55. Rg8+ Ka7 56. g7 Qg1 57. e6 Qb6+ 58. Kd7 Qb7+ 59. Kd6 d4 60. e7 Qb6+
61. Ke5 Qc5+ 62. Kf6 Qd6+ 63. Kf7 Bb3+ $19) 55... Ka8 56. g7 Ba4+ 57. Kd6 Qg1
58. Rf7 Be8 59. Ke7 (59. Re7 Qb6+ 60. Kxd5 Qc6+ 61. Kd4 Bf7 $19) 59... Bxf7 60.
Kxf7 Qa7+ (60... b3 61. e6 b2 62. e7 b1=Q 63. e8=Q+ Qb8 64. Qf8 d4 $19) 61. Kf8
Qb8+ 62. Kf7 b3 63. e6 b2 64. e7 b1=Q 65. g8=Q Qxg8+ 66. Kxg8 Qe4 67. Kf7 d4
0-1

[Event "RUS-ch m3-4"]
[Site "Elista"]
[Date "1997.05.24"]
[Round "2.4"]
[White "Kharitonov, Andrei Y"]
[Black "Bareev, Evgeny"]
[Result "0-1"]
[WhiteElo "2520"]
[BlackElo "2665"]
[Annotator "Petursson,M"]
[PlyCount "54"]
[EventDate "1997.04.19"]
[EventType "k.o."]
[EventRounds "6"]
[EventCountry "RUS"]
[SourceTitle "CBM 059"]
[Source "ChessBase"]
[SourceDate "1997.08.01"]
[SourceVersion "1"]
[SourceVersionDate "1997.08.01"]
[SourceQuality "1"]

1. d4 Nf6 2. Nf3 d5 3. c4 e6 4. Nc3 c6 5. e3 Nbd7 6. Qc2 Bd6 7. Be2 O-O 8. O-O
Re8 9. Rd1 Qe7 10. b3 b6 11. e4 Nxe4 12. Nxe4 dxe4 13. Qxe4 Bb7 14. Ne5 Nf6 15.
Qh4 c5 16. Bb2 cxd4 17. Bxd4 Rad8 18. Ng4 Nxg4 19. Qxg4 f5 20. Qh3 Rd7 21. Bc3
Red8 22. Re1 (22. Bf3 $11) 22... Bc7 23. Bf1 Be4 24. Qe3 {[%tqu "En","Can you
find a forced win for Black in this position?","Invade with your rook!",
"Sacrifice the exchange to force his queen to a miserable place!","d7d3",
"Congratulation!  Even FRITZ doesn't see this as quickly as you.  Now you win
quickly!",16]} Rd3 $1 $19 25. Qc1 (25. Bxd3 Rxd3 26. Qc1 Qh4 27. g3 Bxg3 28.
fxg3 Rxg3+ 29. hxg3 Qxg3+ 30. Kf1 Qg2#) {[%tqu "En","What now?","What is the
most logical move?","Threaten mate with your queen!","e7h4","Of course!",5]}
25... Qh4 26. h3 {[%tqu "En","Just for fun. Can you find the quickest mate?",
"It's not Bh2+ which is mate in five moves. We do not have time for that.",
"His kingside is burning.  How about a rook sacrifice?","d3h3","",8]} Rxh3 27.
gxh3 {[%tqu "En","Can you grab 3 points for showing a mate in three quickly?",
"It's a check","Use a bishop.   But if you needed this tip, you are probably
too late anyway!","c7h2","",3]} Bh2+ 0-1

[Event "NED-ch54"]
[Site "Rotterdam "]
[Date "1999.06.04"]
[Round "6"]
[White "Piket, Jeroen"]
[Black "Peng, Zhaoqin"]
[Result "1-0"]
[WhiteElo "2619"]
[BlackElo "2452"]
[Annotator "Piket,L"]
[PlyCount "59"]
[EventDate "1999.05.29"]
[EventType "tourn"]
[EventRounds "11"]
[EventCountry "NED"]
[EventCategory "12"]
[SourceTitle "CBM 072"]
[Source "ChessBase"]
[SourceDate "1999.10.01"]
[SourceVersion "1"]
[SourceVersionDate "1999.10.01"]
[SourceQuality "1"]

1. Nf3 d5 2. c4 c6 3. e3 Nf6 4. Nc3 e6 5. b3 Nbd7 6. Qc2 Bd6 7. Bb2 O-O 8. Be2
a6 9. d4 dxc4 10. bxc4 c5 11. Rd1 $5 Qe7 12. Ng5 (12. O-O e5 $13 (12... b6))
12... cxd4 (12... h6 13. Nge4 (13. h4) 13... Nxe4 14. Nxe4 $14) 13. exd4 h6 14.
h4 (14. Nge4 Nxe4 15. Nxe4 Bb4+ 16. Kf1 b6) 14... Re8 (14... b6 15. Nge4 (15.
Bf3 Rb8 16. Nge4 Bb7 (16... Nxe4)) (15. c5 $5 bxc5 16. dxc5 Bxc5 (16... Nxc5
17. Nd5 exd5 18. Bxf6) 17. Nce4 Bb4+ 18. Kf1 e5 $1 (18... Nd5 19. Rxd5 exd5 20.
Nf6+ Nxf6 21. Bxf6 $18) 19. Bc4 $1 (19. Nxf6+ Nxf6 20. f4) 19... Bb7 (19... a5
20. Rxd7 Nxd7 21. Nd6 hxg5 22. hxg5 e4 23. Qe2 $3 Qxg5 (23... e3 24. g6 $18 (
24. Qh5 e2+ 25. Bxe2 $18)) 24. Bxf7+ Rxf7 25. Rh8+) 20. Rxd7 Nxd7 21. Nd6 hxg5
22. hxg5 e4 (22... Bxg2+ 23. Kxg2 Qxg5+ (23... e4 24. Nxe4 $44) 24. Kf1 g6 25.
Rg1) 23. Nxf7 Rxf7 24. g6)) (14... Rd8 $5) 15. c5 (15. Kf1 b6) 15... Bc7 16.
Kf1 Nf8 17. Nge4 Bd7 (17... Nd5 18. Bf3 (18. Bc4) (18. Nxd5 exd5 19. Nc3 Be6
20. Bf3 Rad8 21. Qb3) 18... Bd7 19. Nxd5 Bb5+ (19... exd5 20. Nc3) 20. Kg1 exd5
21. Nd2 $15) 18. Nxf6+ Qxf6 19. Bf3 Rab8 20. d5 (20. h5 $5 Bc6 (20... Qd8) 21.
d5 exd5 22. Nxd5 Qd8 23. Nf6+) 20... exd5 21. Nxd5 Qd8 (21... Bb5+ $2 22. Kg1
Qd8 23. Rh3 $1 $40 (23. Nf6+ $4 gxf6 24. Rxd8 Re1#)) 22. Rh3 $3 (22. Nxc7 Qxc7
23. Rd6 Ne6) (22. g3 Be5 23. Bxe5 Rxe5 24. Kg2 $11 (24. Qc3 $11)) 22... Bxh3 $6
(22... Be5 23. Bxe5 Rxe5 24. Qc3 Bb5+ (24... f6 25. Rg3 $14) 25. Kg1 Nd7 26.
Rg3 Qxh4 $2 (26... Rc8 27. Qd2 $36) 27. Nc7 $18) 23. Nf6+ gxf6 24. Rxd8 Bxd8 $6
(24... Rbxd8 25. gxh3 Be5 26. Bc1 $14 (26. Bxb7 Bxb2 27. Qxb2 Rd1+ 28. Kg2 Ng6
29. h5 Nf4+ 30. Kf3 Nd3 31. Qxf6 Nxc5 (31... Rd2 32. Qxh6 Rxf2+ 33. Kg3))) (
24... Rexd8 25. gxh3 Be5 26. Bc1 $14) 25. gxh3 Ne6 (25... Ng6 26. Qf5 $5 Nxh4
27. Qf4 (27. Qg4+ Ng6 28. h4)) 26. Qf5 $1 $16 Be7 $2 (26... Rc8 27. Be4 Rxc5
28. Qh7+ Kf8 29. Ba3 $18 (29. Qxh6+ Ke7 30. Qxf6+ Kd7 31. Qxf7+)) (26... Ng7
27. Qf4 Rc8 28. c6 (28. Bd4 $5) 28... bxc6 29. Qxh6) 27. Be4 $18 Nf8 28. Qg4+
Kh8 29. Qh5 Kg8 30. Bd5 {30 ... Ne6 31. Bxe6 fxe6 32. Qg6+ Kh8 [32...Kf8 33.
Bc1] 33. Qxh6+ Kg8 34. Qg6+ Kh8 35. h5 +-} 1-0

[Event "San Francisco"]
[Site "San Francisco"]
[Date "1991.??.??"]
[Round "3"]
[White "Browne, Walter Shawn"]
[Black "Polgar, Zsuzsa"]
[Result "1/2-1/2"]
[WhiteElo "2500"]
[BlackElo "2510"]
[Annotator "Polgar,Zsu"]
[PlyCount "64"]
[EventDate "1991.03.??"]
[EventType "tourn"]
[EventRounds "11"]
[EventCountry "USA"]
[EventCategory "12"]
[SourceTitle "CBM 023"]
[Source "ChessBase"]
[SourceDate "1991.08.01"]
[SourceVersion "1"]
[SourceVersionDate "1991.08.01"]
[SourceQuality "1"]

1. d4 d5 2. c4 e6 3. Nc3 c6 4. Nf3 Nf6 5. e3 Nbd7 6. Qc2 Bd6 7. Be2 O-O 8. O-O
e5 9. cxd5 cxd5 10. Nb5 (10. dxe5 Nxe5 11. Rd1 Nxf3+ 12. Bxf3 Qc7 13. h3 Bh2+
14. Kh1 Be5 15. Bd2 Be6 16. Qd3 Qd7 17. Be1 Rfd8 18. Kg1 Rac8 19. Rac1 d4 $10 {
Karpov-Kasparov Linares 1991.}) 10... Bb8 11. dxe5 Nxe5 12. Bd2 (12. b3 $5)
12... Ne4 13. Rad1 {N} (13. Be1 Qb6 14. Nbd4 Qh6 15. Bb4 Re8 16. Nxe5 Bxe5 17.
Nf3 Bb8 18. Qa4 Rd8 19. Be7 Bd7 20. Qd4 Re8 21. Bh4 Bc6 22. Bg3 Nxg3 23. hxg3
a6 24. Qd2 {Draw in Adorjan-Muller Balassagyarmat 1990.}) 13... Bg4 $1 (13...
Bf5 14. Nbd4) 14. Nbd4 (14. Bb4 $2 Bxf3 15. Bxf8 Qg5 $19) 14... Qf6 (14... Qd6
$6 15. Nxe5 Qxe5 16. f4 $14) 15. Qb3 (15. Nxe5 Bxe2 16. Nxe2 Bxe5 $10) (15. h3
$2 Nxf3+ 16. Nxf3 Bxh3 $1 17. gxh3 Qg6+ 18. Kh1 Nxf2+ $19) 15... Qh6 16. Nxe5
Bxe5 17. f4 Bxd4 $1 (17... Bxe2 18. Nxe2 $14) 18. Bxg4 Bb6 19. Bc1 (19. Qxd5
Rfe8 20. Bc1 Nf6 21. Qf3 Nxg4 (21... Qg6 $5) 22. Qxg4 Bxe3+ 23. Bxe3 Rxe3 $10)
19... Rfe8 (19... Nf6 20. Bf3) 20. Bf3 (20. Rxd5 Nf6 21. Rg5 Nxg4 22. Rxg4 Qe6
23. Qxe6 Rxe6 24. f5 Bxe3+ 25. Bxe3 Rxe3 26. f6 g6 $14) 20... Rac8 21. Rxd5 (
21. Qxd5 $2 Rxc1 $1 22. Bxe4 Bxe3+ 23. Kh1 Bxf4 $17) 21... Qc6 (21... Qxf4 $4
22. Qxb6 $18) 22. Rd3 Qc2 $1 (22... h6 23. Rc3 $1) 23. Bxe4 (23. g3 Qxb3 24.
Rxb3 Rc2 $17) 23... Rxe4 24. Bd2 (24. Qxc2 Rxc2 $17) 24... Qxb3 (24... h6 $4
25. Rc1 $18) 25. axb3 h6 (25... Rc2 $1 26. Rd1 (26. Rc1 Rxc1+ 27. Bxc1 Rxf4 28.
Rd7 Rb4 $1 $15) 26... h6 (26... Rxf4 $2 27. Ba5 $1 {Browne}) (26... Rxb2 $2 27.
Bc3 $18) 27. Kf1 Rxb2 $15 28. Ke2 $2 Rb4 $1 $19) 26. Rf3 Rc2 27. Bc3 Re2 28.
Kf1 R2xe3 29. Rfxe3 Bxe3 30. g3 Bc5 31. Rd8+ (31. Rd5 Bb4 32. Rd7 Bxc3 33. bxc3
Re3 $10) 31... Kh7 32. Rd5 Bb4 1/2-1/2